The first american constitutions: republican ideology and the making of the state constitutions in the revolutionary era
Guardat en:
| Autor principal: | |
|---|---|
| Format: | Llibre |
| Idioma: | anglès |
| Publicat: |
Chapel Hill
The University of North Carolina Press
1980
|
| Matèries: | |
| Etiquetes: |
Afegir etiqueta
Sense etiquetes, Sigues el primer a etiquetar aquest registre!
|
MARC
| LEADER | 00000nam a2200000 a 4500 | ||
|---|---|---|---|
| 001 | UCT9651 | ||
| 003 | CL-VaPUC | ||
| 008 | 970411e19800000us |||||||||||||||||eng|d | ||
| 082 | 0 | 4 | |a 342.73 |b ADA |2 21 |
| 100 | 0 | |a Adams, Willi Paul |e author |9 382529 | |
| 245 | 1 | 4 | |a The first american constitutions: republican ideology and the making of the state constitutions in the revolutionary era |
| 300 | |a 351 p | ||
| 942 | |c BK | ||
| 945 | |d 19970411 00:00:00 |a paguirre | ||
| 260 | |a Chapel Hill |b The University of North Carolina Press |c 1980 | ||
| 650 | 0 | |a Constituciones |9 255417 | |
| 650 | 0 | |a Derecho constitucional |9 222588 | |
| 650 | 0 | |a Federalismo |9 313886 | |
| 650 | 7 | |a SISTEMAS POLITICOS |2 CL-VaPUC |9 382530 | |
| 650 | 0 | |a Parlamento |9 338611 | |
| 650 | 0 | |a Democracia |9 255256 | |
| 650 | 0 | |a Libertad individual |9 352859 | |
| 650 | 0 | |a Representación política |9 362081 | |
| 650 | 0 | |a Poder político |9 255509 | |
| 651 | 0 | |a Estados Unidos |9 255178 | |
| 583 | |a last modification |c 20171218 04:35:13 |k Rodrigo Vera | ||
| 999 | |c 258032 |d 258030 | ||
| 952 | |0 0 |1 0 |4 0 |6 342_730000000000000_ADA_1980 |7 0 |8 A |9 281793 |a BIBDER |b BIBDER |d 2019-11-19 |i 1828207 |o 342.73 ADA 1980 |p 1828207 |r 2023-01-25 |w 2019-11-19 |y BK |k DER | ||